[Event "Winter 2018 CCCSA-GM A"]
[Site "Charlotte"]
[Date "2018.01.13"]
[Round "5"]
[White "Bartholomew, John"]
[Black "Praggnanandhaa, R."]
[Result "1-0"]
[WhiteElo "2459"]
[BlackElo "2515"]
[Annotator "TA"]
[PlyCount "119"]
[EventDate "2018.01.11"]
[EventType "tourn"]
[EventCountry "USA"]
[SourceTitle "playchess.com"]
[Source "ChessBase"]
[SourceQuality "1"]

{[%evp 13,119,17,54,15,39,13,51,39,50,49,68,74,64,50,38,46,45,37,108,66,99,106,82,114,100,72,72,83,71,74,104,77,85,79,75,70,83,90,136,135,128,128,130,86,114,129,136,136,137,134,137,137,242,242,330,329,422,0,260,0,496,310,537,199,187,0,535,528,539,572,577,476,577,577,462,570,569,562,512,536,543,568,558,540,510,472,1167,945,944,919,1147,1020,1126,1075,1071,1032,979,888,1025,957,1272,1225,1177,1073,1350,1340,1140,1112]} 1. d4 Nf6 2. c4 e6 3. Nf3 Nc6 4. Nc3 Bb4 5. Bd2 (5. e3 O-O 6. Bd2 d6 7. a3 Bxc3 8. Bxc3 Qe7 9. b4 e5 10. Be2 Bg4 11. O-O e4 12. Nd2 Bxe2 13. Qxe2 Rfe8 {0-1 (59) Riazantsev,A (2671)-Bologan,V (2640) Tallinn 2016}) 5... O-O 6. a3 {E21: Nimzoindisch (4.Sf3)} Bxc3 7. Bxc3 d6 {LiveBook: 5 Partien} 8. g3 {Weiß steht etwas besser.} Qe7 9. Bg2 e5 10. d5 Nb8 11. Nd2 a5 12. b4 Nbd7 $146 ({Vorgänger:} 12... a4 13. O-O Ne8 14. e4 f5 15. Bh3 Bd7 {0-1 (34) Lepeskaite,M (1803)-Real Pereyra,D (2077) Maribor 2012}) 13. O-O $36 {[%mdl 2048] Weiss drückt.} axb4 14. axb4 Rxa1 15. Qxa1 b5 (15... Nb6 $14) 16. e4 ({Viel schwächer wäre} 16. cxb5 $6 Nb6 $11) 16... bxc4 17. Nxc4 Nb6 18. Nxb6 cxb6 19. Bd2 Qb7 20. Qa3 Bd7 21. Ra1 Rc8 22. Qa6 Qxa6 23. Rxa6 Rc2 24. Be3 Rb2 {[#] zielt auf ...Tb1+ ab.} 25. Rxb6 Kf8 {( -> ...Tb1+)} 26. h3 (26. Rxd6 {führt zum Matt.} Rb1+ 27. Bf1 Bh3 28. Bc1 Rxc1 29. Rd8+ Ke7 30. Re8+ Kxe8 31. Kh1 Rxf1#) 26... Rb1+ 27. Kh2 Ke7 28. Bg5 h6 29. Bxf6+ $1 gxf6 $16 {[%mdl 4096] Endspiel KTL-KTL} 30. g4 Bc8 31. Bf3 Rb2 32. Kg3 Rb3 (32... Bd7 $16 {ist eine bessere Verteidigung.} 33. Bg2 Rb1) 33. Kg2 $18 Ra3 34. Be2 Ra2 35. Bf3 $2 {[#]} ({Besser ist} 35. Bb5 $18) 35... Ra8 $2 {[%mdl 8192]} (35... Ra3 $1 $11 {und Schwarz ist OK.}) 36. Be2 $2 (36. b5) 36... Ra2 37. Bf1 Ra1 $2 (37... Rb2 38. b5 Rb4) 38. Rc6 $2 (38. Bb5) 38... Bd7 39. Rb6 $2 (39. Rc3) 39... Bc8 $1 40. Bb5 {Weiß steht klar auf Gewinn.} Rb1 41. Bc6 Kd8 42. Ba4 Ke7 43. Rb8 Kd8 44. Bc6 Kc7 45. Ra8 Rxb4 46. f3 Rb2+ 47. Kg3 Rb3 48. Ra7+ Kb6 49. Rxf7 h5 (49... Ba6 $142 50. Rxf6 Kc5 51. Rxh6 Bd3) 50. Rxf6 hxg4 51. hxg4 {[%cal Bh3g4,Bg4g5,Bg5g6][%mdl 32]} Kc5 52. g5 Rb1 53. g6 Rg1+ 54. Kf2 Rg5 55. Be8 Bh3 56. Ke3 Bf1 57. f4 exf4+ 58. Rxf4 Bh3 59. Rh4 Bc8 60. Rh7 {Precision: Weiß = 64%, Schwarz = 39%.} 1-0

[Event "Winter 2018 CCCSA-GM A"]
[Site "Charlotte"]
[Date "2018.01.13"]
[Round "5"]
[White "Shmeliov, Denis"]
[Black "Wang, Kevin"]
[Result "1/2-1/2"]
[WhiteElo "2420"]
[BlackElo "2380"]
[Annotator "TA"]
[PlyCount "72"]
[EventDate "2018.01.11"]
[EventType "tourn"]
[EventCountry "USA"]
[SourceTitle "playchess.com"]
[Source "ChessBase"]
[SourceQuality "1"]

{[%evp 16,72,-3,8,54,61,60,89,75,75,76,32,48,47,76,50,68,13,15,15,16,14,18,9,22,24,22,13,16,16,22,20,25,6,26,24,47,45,45,45,46,45,73,11,18,18,18,15,11,15,22,11,8,0,0,0,0,0,0]} 1. d4 Nf6 2. c4 e6 3. Nc3 Bb4 4. Qc2 d5 5. cxd5 exd5 6. Bg5 c5 7. dxc5 h6 8. Bxf6 {E35: Nimzo-Indian: Classical: 4...d5 5 cxd5 exd5} (8. Bh4 O-O 9. O-O-O Bxc3 10. Qxc3 g5 11. Bg3 Ne4 12. Qa3 Be6 13. e3 Nd7 14. f3 Nxg3 15. hxg3 Qf6 {½-½ (44) Hawkins,J (2579)-Howell,D (2676) London 2017}) 8... Qxf6 9. e3 {LiveBook: 49 Games} Be6 10. Bb5+ {White is slightly better.} Nc6 11. Nge2 O-O 12. O-O Rac8 13. Bxc6 $146 ({Find the theoretical novelty and annotate with similar games:} 13. Na4 Ne5 14. a3 Ba5 15. b4 Bc7 {½-½ (44) Dunkelblum,A-Tan,H Amsterdam 1962}) 13... Rxc6 14. Na4 Bf5 15. Qb3 Bxc5 16. Nxc5 (16. Rad1 $14) 16... Rxc5 $11 17. Rac1 b6 18. Rc3 Rfc8 19. Rfc1 Qd6 20. Qd1 Qe5 21. Qd2 Bg4 22. Nd4 {[%cal Be2d4,Bd4b3,Bb3d2][%mdl 32]} Bd7 23. Qd3 R8c7 24. h3 Qe8 25. Nb3 Bb5 26. Qd2 Rxc3 27. Rxc3 Rxc3 28. Qxc3 Qe4 29. Nd2 ({White should play} 29. Nd4 $16 Qb1+ 30. Kh2) 29... Qd3 {The position is equal.} 30. Qxd3 Bxd3 {[%mdl 4096] Endgame KB-KN} 31. Nf3 f6 32. Nd4 Kf7 33. f3 g5 34. b4 a5 35. a3 axb4 36. axb4 h5 {Precision: White = 66%, Black = 59%.} 1/2-1/2

[Event "Winter 2018 CCCSA-GM A"]
[Site "Charlotte"]
[Date "2018.01.13"]
[Round "5"]
[White "Brodsky, David"]
[Black "Arribas Lopez, Angel"]
[Result "1/2-1/2"]
[WhiteElo "2405"]
[BlackElo "2483"]
[Annotator "TA"]
[PlyCount "36"]
[EventDate "2018.01.11"]
[EventType "tourn"]
[EventCountry "USA"]
[SourceTitle "playchess.com"]
[Source "ChessBase"]
[SourceQuality "1"]

{[%evp 27,36,33,42,0,8,0,17,17,19,-41,-39]} 1. e4 c5 2. Nf3 d6 3. d4 cxd4 4. Nxd4 Nf6 5. Nc3 g6 6. Be3 Bg7 7. f3 Nc6 8. Qd2 O-O 9. O-O-O d5 10. Qe1 e5 11. Nxc6 bxc6 12. exd5 Nxd5 13. Bc4 Be6 14. Kb1 {B76: Sicilian Dragon: Yugoslav Attack, 9 g4 and 9 0-0-0} Re8 {[#] LiveBook: 5 Games} 15. Bb3 $146 ({Predecessor:} 15. h4 Qc7 16. Nxd5 cxd5 17. Bxd5 Bxd5 18. Rxd5 e4 19. fxe4 Rxe4 20. Qd2 Bxb2 21. Kxb2 Qb7+ {½-½ (54) Navara,D (2735)-Edouard,R (2641) Drancy 2016}) 15... Nxc3+ 16. Qxc3 Qc7 17. Bxe6 Rxe6 18. Qd2 (18. g3 $11) 18... e4 1/2-1/2

[Event "Winter 2018 CCCSA-GM A"]
[Site "Charlotte"]
[Date "2018.01.13"]
[Round "5"]
[White "Korley, Kassa"]
[Black "Escobar Forero, Alder"]
[Result "0-1"]
[WhiteElo "2387"]
[BlackElo "2482"]
[Annotator "TA"]
[PlyCount "130"]
[EventDate "2018.01.11"]
[EventType "tourn"]
[EventCountry "USA"]
[SourceTitle "playchess.com"]
[Source "ChessBase"]
[SourceQuality "1"]

{[%evp 19,130,-16,-3,-5,20,17,20,1,14,0,0,0,0,0,29,0,11,3,11,11,19,9,43,41,82,33,45,20,20,18,49,32,24,17,13,13,26,0,0,0,0,0,0,0,0,0,0,0,0,0,0,0,0,0,0,0,11,6,17,0,0,0,13,21,17,8,8,15,19,18,28,20,26,0,0,0,0,0,0,0,0,0,61,61,61,0,0,0,0,-80,-86,-147,-140,-152,-151,-377,-68,-794,-734,-29981,-29982,-29982,-29983,-1093,-1003,-862,-831,-29996,-29997,-29997,-29997,-29998,-29999]} 1. d4 d6 2. e4 Nf6 3. Nc3 Nbd7 4. Nf3 e5 5. Be2 c6 6. O-O Be7 7. Re1 O-O 8. Bf1 a6 9. a3 b5 10. h3 Bb7 11. Bg5 {C41: Philidor Defence} Ne8 $146 ({Find the theoretical novelty and annotate with similar games:} 11... h6 12. Bh4 Re8 13. Bg3 Qc7 14. Qd2 Rad8 15. Rad1 Bf8 16. Qd3 exd4 17. Nxd4 Nc5 18. Qf3 Nfd7 {0-1 (35) Kurilin,A (2299)-Novikov,M (2503) Tula 2010}) 12. Bxe7 Qxe7 13. Ne2 {The position is equal.} c5 14. dxe5 Nxe5 15. Ng3 g6 16. Nh2 Qh4 17. Ng4 Nxg4 (17... Rd8 {NOTEXT} 18. a4 b4 19. c3 a5 20. Bb5 Nc7) 18. Qxg4 Qxg4 19. hxg4 Nc7 20. Rad1 Rad8 21. c4 Bc8 22. f3 Be6 23. cxb5 axb5 24. Rd2 Rd7 25. Ne2 Rb8 26. Nf4 Kf8 27. Kf2 Ke7 28. Be2 f6 29. Rh1 Bg8 30. Kg3 Rbd8 31. Rc2 Ra8 32. Rd2 Rb8 33. Bd1 Kf8 34. Be2 Ne8 35. Nd3 {And now Nxc5! would win.} (35. Rhd1 {NOTEXT} Ke7 36. Rc1 Nc7 37. Kf2 Bf7 38. Bd3) 35... Ra7 36. Ne1 Bb3 37. Bd1 Be6 38. Nc2 Kg7 39. Be2 Bg8 40. Ne3 b4 41. Ra1 bxa3 42. bxa3 Rb3 43. Nc4 Bxc4 44. Bxc4 Raxa3 45. Rxa3 Rxa3 $11 {[%mdl 4096] Endgame KRB-KRN} 46. Bb5 Nc7 47. Bc6 Ne6 {aiming for ...c4.} 48. Rxd6 Nd4 49. Rd7+ Kh6 50. Bd5 Rd3 ({Black should try} 50... Ne2+ $11 51. Kh2 Rd3) 51. Rc7 $14 Rc3 52. Bg8 (52. Kh4 $1 $14) 52... Kg5 $11 53. Rxh7 Ne2+ 54. Kf2 (54. Kh2 $1 $11 {remains equal.}) 54... Rc2 $1 $17 {[%mdl 1024] Black has strong compensation.} 55. Ke1 {[#]} ({Better is} 55. Bb3 Rb2 56. Bc4 Nf4+ 57. Ke3) 55... Kf4 $1 {[%cal Rf4e3] ...Ke3 is the strong threat.} 56. Bb3 Rb2 57. Bd1 $2 {[#]} (57. Ra7 $17) 57... Nc3 $2 (57... Nc1 $1 $19 58. Kf1 Nd3) 58. Rf7 $2 {[%mdl 8192]} (58. Rc7 $15) 58... Rxg2 59. Rxf6+ Ke3 {[%cal Rg2g1]} 60. Kf1 Rf2+ 61. Kg1 Nxd1 62. e5 Re2 63. f4 Kf3 {Black mates.} 64. g5 Re1+ 65. Kh2 Nf2 {Precision: White = 42%, Black = 64%.} 0-1

[Event "Winter 2018 CCCSA-GM A"]
[Site "Charlotte"]
[Date "2018.01.14"]
[Round "6.2"]
[White "Arribas Lopez, Angel"]
[Black "Korley, Kassa"]
[Result "1/2-1/2"]
[WhiteElo "2483"]
[BlackElo "2387"]
[Annotator "TA"]
[PlyCount "19"]
[EventDate "2018.01.11"]
[EventType "tourn"]
[EventCountry "USA"]
[SourceTitle "playchess.com"]
[Source "ChessBase"]
[SourceQuality "1"]

{[%evp 9,19,-18,9,-20,12,2,4,8,6,9,13,3]} 1. e4 e5 2. f4 exf4 3. Nf3 Ne7 4. d4 Ng6 5. Bd3 Be7 {The position is equal.} 6. O-O {C34: King's Gambit Accepted: 3 Nf3: 3...Nf6 and 3...d6} d6 7. Nc3 c5 $146 ({Predecessor:} 7... Nd7 8. Nd5 Ndf8 9. Qe1 Ne6 10. Nxe7 Qxe7 11. h4 {0-1 (58) Rapport,R (2752)-Jobava,B (2665) Baku 2016}) 8. Nd5 cxd4 9. Nxd4 {And now Bb5+ would win.} Nc6 10. Nf5 1/2-1/2

[Event "Winter 2018 CCCSA-GM A"]
[Site "Charlotte"]
[Date "2018.01.14"]
[Round "6.3"]
[White "Wang, Kevin"]
[Black "Brodsky, David"]
[Result "1-0"]
[WhiteElo "2380"]
[BlackElo "2405"]
[Annotator "RC"]
[PlyCount "101"]
[EventDate "2018.01.11"]
[EventType "tourn"]
[EventCountry "USA"]
[SourceTitle "playchess.com"]
[Source "ChessBase"]
[SourceQuality "1"]
[TimeControl "5400+30"]

1. d4 Nf6 2. Bf4 d5 3. e3 e6 4. Nf3 c5 5. c3 Nc6 6. Nbd2 cxd4 7. exd4 Nh5 8. Be3 Bd6 9. Ne5 g6 10. g4 Ng7 11. h4 h5 12. Ndf3 hxg4 13. Nxg4 Nf5 14. Bg5 Be7 15. Rh2 Bd7 16. Qd2 f6 17. Bf4 Qb6 18. Bd3 Na5 19. Qe2 Nc4 20. Bxc4 dxc4 21. Ne3 Nxe3 22. fxe3 Qb5 23. e4 Qh5 24. O-O-O b5 25. e5 f5 26. d5 exd5 27. e6 Bc8 28. Bg5 Rh7 29. Qe5 Bb7 30. Bxe7 Rxe7 31. Ng5 Qh6 32. Rhd2 Qg7 33. Rxd5 Bxd5 34. Qxd5 Rc8 35. Qxb5+ Kf8 36. Qa6 Rce8 37. Qxc4 Qf6 38. Qf4 Kg8 39. Rd5 Rc8 40. Kc2 Rec7 41. Rd4 Rc6 42. Qd2 Re8 43. Rd7 Re7 44. Qd5 Rc8 45. a4 Rce8 46. a5 f4 47. Ne4 Qxh4 48. Ng5 Qh6 49. Ne4 Qg7 50. Qg5 Rxd7 51. exd7 1-0

[Event "Winter 2018 CCCSA-GM A"]
[Site "Charlotte"]
[Date "2018.01.14"]
[Round "6.4"]
[White "Praggnanandhaa, R."]
[Black "Shmeliov, Denis"]
[Result "1-0"]
[WhiteElo "2515"]
[BlackElo "2420"]
[Annotator "TA"]
[PlyCount "117"]
[EventDate "2018.01.11"]
[EventType "tourn"]
[EventCountry "USA"]
[SourceTitle "playchess.com"]
[Source "ChessBase"]
[SourceQuality "1"]

{[%evp 15,117,10,21,9,38,39,31,40,43,0,0,0,41,30,48,30,40,49,83,38,97,68,77,78,75,73,61,67,72,54,62,68,67,70,64,27,38,42,60,27,19,27,95,95,95,95,95,95,95,95,95,95,95,95,95,95,108,95,102,95,108,95,95,95,165,170,141,164,294,281,277,258,314,187,186,196,169,105,105,105,105,105,105,105,105,105,105,105,230,178,164,177,225,213,367,362,358,342,337,328,529,451,536,378]} 1. Nf3 Nf6 2. g3 d5 3. Bg2 c6 4. O-O Bf5 5. c4 e6 6. cxd5 exd5 7. d3 h6 8. Nc3 Be7 9. Qb3 {A11: English Opening: 1...c6} Qb6 10. Qc2 O-O 11. e4 {White is slightly better.} Bh7 12. Re1 Na6 13. a3 {[#]} Qd8 $146 ({Predecessor:} 13... dxe4 14. dxe4 Nc5 15. b4 Ncxe4 16. Nxe4 Nxe4 17. Rxe4 {½-½ (30) Edouard,R (2635)-Korneev,O (2581) Monzon 2016}) 14. Be3 Nc7 15. Rad1 Ne6 {...d4 is the strong threat.} 16. exd5 cxd5 17. Nd4 Ng4 ({Black should play} 17... Re8 $14) 18. Nxd5 (18. Qe2 {is interesting.} Nxe3 19. Qxe3 Bf6 20. Nxe6 fxe6 21. Qxe6+ Kh8 22. Qxd5 Qb6 23. Rd2) 18... Nxe3 19. fxe3 Nxd4 20. Nxe7+ Qxe7 21. exd4 Qd7 22. Qf2 Rad8 23. d5 b6 24. Re3 Rfe8 25. Rde1 Rxe3 26. Qxe3 Bg6 27. Qd4 f6 28. Qb4 $36 {[%mdl 2048] White has good play.} Qd6 (28... Bxd3 $11 29. Bf3 Bg6) 29. Qxd6 $16 Rxd6 {[%mdl 4096] Endgame KRB-KRB} 30. Re7 a5 31. Rc7 $1 Kf8 32. Kf2 $1 Bxd3 33. Ke3 Bf5 34. Kd4 Bd7 35. Rb7 Ke8 36. Rb8+ Kf7 37. Be4 Ke7 38. Bf3 Kf7 39. Bh5+ g6 (39... Ke7 $16 {might work better.} 40. Bf3 Be8) 40. Bf3 $1 $18 h5 41. Be4 Kg7 (41... g5 $142 42. Rb7 Ke8) 42. Rb7 Kh6 43. h4 Kg7 44. Rb8 (44. b4 $142 axb4 45. axb4) 44... Kf7 45. Rd8 Kg7 46. Bf3 (46. a4 $18) 46... Kf7 $16 47. Bg2 Ke7 48. Rb8 Be8 49. Rb7+ Kf8 50. Be4 Bf7 51. Rc7 Be8 (51... Ke8 $16 52. b3 Kf8) 52. Bd3 $1 $18 Bf7 53. Bc4 $1 Be8 {[#]} 54. Ba6 $1 Bf7 $2 {[#]} (54... a4 {is a better defense.} 55. Bc4 Bf7) 55. Bb7 $1 Be8 56. Kc4 Bd7 57. Bc6 Ke7 $2 (57... Ke8 58. Bxd7+ Rxd7) 58. Rb7 Kd8 59. Bxd7 {Precision: White = 73%, Black = 55%.} 1-0

[Event "Winter 2018 CCCSA-GM A"]
[Site "Charlotte"]
[Date "2018.01.14"]
[Round "6.5"]
[White "Panchanathan, Magesh Chandran"]
[Black "Bartholomew, John"]
[Result "1/2-1/2"]
[WhiteElo "2486"]
[BlackElo "2459"]
[Annotator "TA"]
[PlyCount "67"]
[EventDate "2018.01.11"]
[EventType "tourn"]
[EventCountry "USA"]
[SourceTitle "playchess.com"]
[Source "ChessBase"]
[SourceQuality "1"]

{[%evp 17,67,0,7,-23,-11,-46,-44,-36,-8,-10,-14,-37,-17,-14,-9,-23,-8,-19,0,-40,-23,-25,-33,-46,-39,-37,-18,-60,-58,-91,-93,-93,-93,-94,-86,-91,-93,-126,-111,-127,-18,-99,-57,-47,-49,-47,-56,-54,-51,-56,0,0]} 1. c4 c6 2. Nf3 d5 3. e3 Nf6 4. b3 Bg4 5. Bb2 e6 6. Be2 Nbd7 7. h3 Bh5 8. d3 h6 {A12: English Opening: 1...c6 with b3 by White} 9. Nbd2 Bd6 {LiveBook: 6 Games} 10. Qc2 Qe7 {Black has an edge.} 11. g4 $146 ({Predecessor:} 11. O-O O-O 12. Rfc1 Rfe8 13. Nf1 Bg6 14. a3 a5 15. cxd5 exd5 16. N1d2 {½-½ (45) Granda Zuniga,J (2685)-Peralta,F (2572) Sitges 2015}) 11... Bg6 12. Rg1 Ba3 13. h4 O-O-O 14. g5 Bxb2 15. Qxb2 hxg5 16. hxg5 Ne8 17. b4 Kb8 18. d4 dxc4 19. Nxc4 Nd6 20. Nxd6 Qxd6 21. Rc1 Be4 22. Kf1 Qd5 $36 {[%mdl 2048] Black has some pressure.} 23. b5 cxb5 ({Don't go for} 23... Bxf3 $2 24. bxc6 Qxc6 25. Rxc6 $18) 24. Nd2 Rc8 25. Nxe4 Qxe4 26. Bxb5 Nb6 27. Rc5 Rxc5 28. dxc5 Rd8 (28... Nc4 $17 29. Qc1 Ne5) 29. Qb3 (29. Qxg7 $11 Nc4 30. Bxc4 Qxc4+ 31. Kg2) 29... Nd5 30. Bd3 Qf3 31. Be2 Qh3+ 32. Ke1 Qh2 33. Rg4 Qc7 (33... Rc8 $15 34. Qc4 Qc7) 34. Rc4 {Precision: White = 46%, Black = 42%.} 1/2-1/2

[Event "Winter 2018 CCCSA-GM A"]
[Site "Charlotte"]
[Date "2018.01.14"]
[Round "7.1"]
[White "Bartholomew, John"]
[Black "Kaliksteyn, Alexander"]
[Result "1-0"]
[WhiteElo "2459"]
[BlackElo "2425"]
[Annotator "TA"]
[PlyCount "55"]
[EventDate "2018.01.11"]
[EventType "tourn"]
[EventCountry "USA"]
[SourceTitle "playchess.com"]
[Source "ChessBase"]
[SourceQuality "1"]

{[%evp 19,55,6,12,6,6,6,6,4,25,14,10,19,36,44,52,10,16,5,28,0,7,0,284,291,660,644,626,628,664,535,614,414,440,433,422,419,29974,2651]} 1. d4 Nf6 2. c4 g6 3. Nc3 d5 4. Bg5 Ne4 5. Bh4 Nxc3 6. bxc3 dxc4 7. e3 Be6 8. Be2 {D80: Grünfeld: Unusual White 4th moves and 4 Bg5} Bg7 9. Nh3 Bxh3 10. gxh3 Qd7 {LiveBook: 4 Games} 11. Bg4 e6 {[%cal Be7e6,Be6e5][%mdl 32]} 12. Bf3 Nc6 $146 ({Predecessor:} 12... c5 13. Rb1 Nc6 14. dxc5 Rb8 15. O-O Be5 {½-½ (35) Tomashevsky,E (2722)-Nepomniachtchi,I (2703) Sochi 2016}) 13. Qa4 O-O 14. Qxc4 e5 15. Bg2 Na5 16. Qb4 b6 17. Rd1 Rae8 18. dxe5 Qf5 19. f4 {With the idea 0-0.} f6 20. e6 $36 {[%mdl 2048] White is pushing.} c6 $2 {[%mdl 8192] [#]} (20... Rxe6 $11 {and Black has nothing to worry.} 21. Bf2 c6) 21. e7 $18 c5 $2 (21... Qc8 22. exf8=R+ Bxf8) 22. exf8=Q+ Bxf8 23. Qa4 Rxe3+ 24. Kf1 Rd3 {intending ...b5.} 25. Re1 c4 {[#] Hoping for ...b5.} 26. Qe8 Qxf4+ 27. Bf2 Rxc3 (27... Kg7 $18 28. Qe4 Qc7) 28. Bd5+ {Precision: White = 71%, Black = 39%.} 1-0

[Event "Winter 2018 CCCSA-GM A"]
[Site "Charlotte"]
[Date "2018.01.14"]
[Round "7.2"]
[White "Shmeliov, Denis"]
[Black "Panchanathan, Magesh Chandran"]
[Result "1/2-1/2"]
[WhiteElo "2420"]
[BlackElo "2486"]
[Annotator "TA"]
[PlyCount "140"]
[EventDate "2018.01.11"]
[EventType "tourn"]
[EventCountry "USA"]
[SourceTitle "playchess.com"]
[Source "ChessBase"]
[SourceQuality "1"]

{[%evp 13,140,0,0,0,0,0,0,0,0,0,0,0,0,1,31,26,34,12,0,0,0,0,16,-155,-79,-83,-86,-79,-90,-99,-41,-20,-45,-37,-49,-81,0,0,0,0,0,0,0,0,0,0,0,0,0,0,0,0,0,0,0,0,0,0,0,0,0,0,0,0,0,0,0,0,0,-1,-8,-17,-2,-2,0,0,0,-42,0,-8,0,-42,-35,-42,-42,-42,-42,-42,-42,-42,-42,-42,-42,-42,-42,-42,-42,-42,-42,-42,-42,-42,-42,-42,-25,-35,0,-42,-42,-42,-17,-42,0,-42,-42,-42,-42,-42,-42,-46,-42,-42,-42,-42,-42,-42,0,0,0]} 1. d4 Nf6 2. c4 e6 3. Nc3 Bb4 4. Qc2 O-O 5. e4 d5 6. e5 Ne4 7. Bd3 c5 8. Nf3 {0-0 is the strong threat. E32: Nimzo-Indian: Classical (4 Qc2): 4...0-0} cxd4 9. Nxd4 Nd7 $1 10. Bf4 Qh4 11. g3 Qh5 12. O-O g5 13. cxd5 {[%cal Bc4d5,Bd5e6][%mdl 32]} gxf4 14. dxe6 Nxc3 {[#]} 15. bxc3 $146 ({Predecessor:} 15. exd7 Bxd7 16. bxc3 Rac8 17. Bf5 fxg3 18. hxg3 Bxc3 19. Bxd7 Bxa1 20. Bxc8 Bxd4 21. Bxb7 Qxe5 {½-½ (21) Stocek,J (2557)-Vitiugov,N (2724) Czech Republic 2016}) 15... Nxe5 {Hoping for ...Bc5.} 16. cxb4 Bxe6 $40 {[%mdl 128] Black mounts an attack.} 17. Rfe1 Rad8 18. Nxe6 $2 (18. Bxh7+ $11 Qxh7 19. Rxe5 Qxc2 20. Nxc2) 18... Nf3+ ({Better is} 18... Rxd3 19. Rxe5 (19. Nxf8 $2 fxg3 20. fxg3 Nf3+ 21. Kf1 Qh3+ 22. Ke2 Ne5 $19) 19... Qxe5) 19. Kg2 $17 Nxe1+ 20. Rxe1 fxe6 21. Bc4 Rf6 ({Black should try} 21... Qg6 $1 $17 {[%cal Rg6c2]} 22. Qxg6+ (22. Bxe6+ Kh8 $17) 22... hxg6 23. Rxe6 f3+ 24. Kf1 Kg7) 22. Rxe6 $15 ({Avoid the trap} 22. Bxe6+ $2 Rxe6 $1 {[%mdl 512]} 23. Rxe6 f3+ 24. Kg1 Qh3 $19) 22... Rxe6 23. Bxe6+ {[%mdl 4096] Endgame KQR-KQB} Kf8 24. Bf5 {[#]} f3+ (24... Qd1 $1 $17 25. Qe4 Qd5) 25. Kg1 $11 Qe8 {[%cal Re8e1]} 26. h4 Qe2 27. Qc5+ $1 Kf7 {( -> ...Qf1+!)} 28. Bh3 Qd1+ 29. Kh2 Qd4 30. Qf5+ Kg7 31. Qxf3 Rf8 32. Qxb7+ Rf7 33. Qb8 Qxf2+ 34. Bg2 Qxa2 35. Qe5+ Rf6 36. Qg5+ Kf7 37. Qh5+ Kg8 38. Qg5+ Rg6 39. Qd8+ Kg7 40. Qd4+ Rf6 41. Qc5 Qf2 {White must now prevent ...Qxc5.} 42. Qg5+ Kf8 43. Qe5 Qb6 44. b5 Qd6 45. Qe2 Qe7 46. Qb2 Qd6 47. Qe2 Qd4 48. Qc2 Kg7 49. Qc7+ Rf7 50. Qc1 Qe5 51. Qc6 Rc7 52. Qa6 $1 Kh8 53. Qa3 {[%cal Ra3f8]} Qf6 (53... Re7 {keeps more tension.} 54. Qd3 Qc5 55. Qd8+ Kg7 56. Qd3 Rf7) 54. Qe3 Re7 55. Qd3 Kg7 56. Qa3 Rd7 57. Qe3 Qd4 58. Qg5+ Kf8 59. Qf5+ Rf7 60. Qh5 Qd6 61. Qe2 Rf5 62. Qe3 Qb6 63. Qa3+ Qc5 64. Qa6 Kg7 65. Qb7+ Rf7 66. Qa6 Rf6 67. Qb7+ Kh6 68. Qd7 Qe3 69. Qd8 Qe5 70. Qd2+ Kg7 {Precision: White = 82%, Black = 61%.} 1/2-1/2

[Event "Winter 2018 CCCSA-GM A"]
[Site "Charlotte"]
[Date "2018.01.14"]
[Round "7.3"]
[White "Brodsky, David"]
[Black "Praggnanandhaa, R."]
[Result "1/2-1/2"]
[WhiteElo "2405"]
[BlackElo "2515"]
[Annotator "TA"]
[PlyCount "67"]
[EventDate "2018.01.11"]
[EventType "tourn"]
[EventCountry "USA"]
[SourceTitle "playchess.com"]
[Source "ChessBase"]
[SourceQuality "1"]

{[%evp 21,67,31,66,6,8,10,12,10,14,2,28,11,12,-57,25,14,18,27,18,18,27,27,25,18,15,18,25,14,24,24,25,0,16,0,22,9,10,10,20,14,15,0,15,0,27,22,22,0]} 1. d4 Nf6 2. c4 b6 3. Nc3 Bb7 4. Qc2 d5 5. cxd5 Nxd5 6. Nf3 e6 7. e4 {A50: Queen's Fianchetto Defence (1 d4 Nf6 2 c4 b6)} Nxc3 8. bxc3 Be7 9. Bb5+ c6 10. Bd3 O-O 11. O-O c5 {LiveBook: 4 Games} (11... Nd7 12. c4 Qc7 13. Bb2 c5 14. d5 {1-0 (35) So,W (2755)-Zhou,J (2580) Las Vegas 2014}) 12. Bb2 (12. d5 $1 $14) 12... cxd4 13. cxd4 Nc6 14. Qe2 Rc8 15. Rac1 Nb4 16. Bc4 Rxc4 17. Qxc4 $146 (17. Rxc4 $11 Ba6 18. Rfc1) ({Predecessor:} 17. Rxc4 Ba6 18. a3 Nc6 19. Qc2 Bxc4 20. Qxc4 {½-½ (44) Duran,R (2098)-Pilgaard,K (2442) Barcelona 2011}) 17... Ba6 (17... Bxe4 $15 18. Ne5 Bd5) 18. Qb3 $11 {[#] And now Rfd1 would win.} Bxf1 19. Kxf1 Qa8 20. a3 Na6 21. Qc4 Qb7 22. Qc6 Qxc6 23. Rxc6 Rd8 24. Ne5 Bd6 25. Nc4 Be7 (25... Bxh2 $2 26. g3 $18) 26. Ne5 Bd6 27. Nc4 Be7 ({Not} 27... Bxh2 $2 28. g3 $18) 28. Ne3 Kf8 29. Ke2 Rd7 30. Rc8+ Rd8 31. Rc6 Rd7 32. Rc8+ Rd8 33. Rc4 Rd7 34. Rc8+ {Precision: White = 35%, Black = 68%.} 1/2-1/2

[Event "Winter 2018 CCCSA-GM A"]
[Site "Charlotte"]
[Date "2018.01.14"]
[Round "7.4"]
[White "Korley, Kassa"]
[Black "Wang, Kevin"]
[Result "0-1"]
[WhiteElo "2387"]
[BlackElo "2380"]
[Annotator "TA"]
[PlyCount "60"]
[EventDate "2018.01.11"]
[EventType "tourn"]
[EventCountry "USA"]
[SourceTitle "playchess.com"]
[Source "ChessBase"]
[SourceQuality "1"]

{[%evp 18,60,12,12,12,16,21,14,22,15,15,15,15,11,38,37,46,5,12,22,0,0,0,0,52,33,45,38,46,0,0,0,0,0,0,0,0,0,0,-17,-22,-812,-746,-1700,-1698]} 1. d4 d5 2. c4 c6 3. Nf3 Nf6 4. e3 Bf5 5. Nc3 a6 6. Be2 {D15: Damengambit (Slawische Verteidigung)} h6 7. Bd3 Bxd3 8. Qxd3 e6 9. O-O Bb4 10. Bd2 {LiveBook: 26 Partien. Droht Sxd5.} O-O 11. Rfd1 a5 12. a3 Bxc3 13. bxc3 Nbd7 14. cxd5 cxd5 {[#]} 15. c4 $146 b6 16. cxd5 exd5 17. Qb5 Qe7 18. Rdc1 Rac8 19. Rc6 Rxc6 20. Qxc6 Qe4 ({Lieber} 20... Qe6 $11 21. Rc1 Qe7) 21. Be1 Re8 22. Rc1 Qd3 23. Ne5 Qxa3 24. Nxd7 Nxd7 25. Rc3 Qa1 {[%cal Ra1e1] [#]} 26. Kf1 Nf6 27. Qxb6 a4 $40 {[%mdl 128] Schwarz greift an.} 28. Qa6 Rb8 {Und ...Tb1 würde nun gewinnen.} 29. Qd3 $2 {[%mdl 8192] [#]} (29. f3 $11) 29... Ne4 $1 $19 {[%cal Re4c3]} 30. Ra3 Qc1 {Precision: Weiß = 50%, Schwarz = 82%.} 0-1